000 01059cam a22003131 4500
999 _c67321
_d67321
001 7925154
003 ARRUPE
005 20170928113801.0
008 721113t19631955nyu b 000 0 eng
010 _a 55012151
035 _a(OCoLC)492765
040 _aDLC
_cODaWU
_dOCoLC
_dDLC
042 _apremarc
050 0 0 _aGN33
_b.J3 1955
082 _a572.02
100 1 _aJacobs, Melville,
_d1902-
_936253
245 1 0 _aGeneral anthropology,
_cby Melville Jacobs [and] Bernhard J. Stern.
250 _a[2d ed.]
260 _aN[ew] Y[ork]
_bBarnes & Noble
_c[1963, c1955]
300 _axiii, 338 p.
_c22 cm.
440 0 _aCollege outline series,
_v20
_936541
500 _aFirst ed. published in 1947 under title: Outlines of anthropology.
504 _aIncludes bibliographies.
650 0 _aAnthropology
_xOutlines, syllabi, etc.
_936255
700 1 _aStern, Bernhard Joseph,
_d1894-1956,
_ejoint author.
_936542
906 _a7
_bcbc
_coclcrpl
_du
_encip
_f19
_gy-gencatlg
942 _2lcc
_cMONOGRAPH